| 000 | 00587nam a22001937a 4500 | ||
|---|---|---|---|
| 003 | PILC | ||
| 005 | 20150529091844.0 | ||
| 008 | 150529b xxu||||| |||| 00| 0 eng d | ||
| 020 | _a9781285439426 | ||
| 050 |
_aLB 1576 _b.Sh559 2014 |
||
| 100 | _aSHort, Deborah J. | ||
| 245 |
_aInside : _blanguage, literacy, content / _cDeborah J. Short, Josefina, Villamil Tinajero. |
||
| 260 |
_aMonterey, CA : _bCengage Learnng, _c2014. |
||
| 300 |
_axvii, 368 pages : _bcolor illustrations, _c28 cm. |
||
| 650 | _aLanguage. | ||
| 650 | _aReading. | ||
| 650 | _aWriting. | ||
| 942 |
_2lcc _cBK _kFOR |
||
| 999 |
_c284504 _d284504 |
||